• 首页
  • 本馆介绍
  • 公告通知
  • 最新文献
  • 馆藏检索
  • 电子资源
  • 读者导购
  • 参考咨询
  • 我的图书馆
  • 登录
  • 详细信息显示
  • 放入我的书架
  • 预约/预借图书
  • 作者相关作品
  • 分类相关作品
  • 丛书相关作品
  • 出版社相关作品

书目信息

  • 表格格式
  • 工作单格式
  • 卡片格式
题名:
辛亥革命史料选辑
    
 
作者: 丘权政 , 杜春和 选编
分册:  
出版信息: 长沙   湖南人民出版社  1983
页数: 341页
开本: 19cm
丛书名:
单 册:
中图分类: K257.06
科图分类:
主题词: 中国--历史--1840~1949
电子资源:
ISBN:
000 00701nam0 2200241 45
001 0183003522
005 20060925144734.89
010    @dCNY1.15
091    @a11109.224
100    @a19950208d1983 em y0chiy0121 ea
101 0  @achi
102    @aCN@b430000
105    @ay z 000yy
200 10 @a辛亥革命史料选辑@Axin hai ge ming shi liao xuan ji@e续编@f丘权政,杜春和等选编
210    @a长沙@c湖南人民出版社@d1983
215    @a341页@d19cm
606 0  @a中国@x历史@z1840~1949
690    @aK257.06
701  0 @a丘权政@Aqiu quan zheng@4选编
701  0 @a杜春和@Adu chun he@4选编
801  0 @aCN@b上海图书馆@c20060925
801  2 @aCN@bNLC@c20060726
905    @f3@b177935-937@dK257.06@e26:3
    
    辛亥革命史料选辑:续编/丘权政,杜春和等选编.-长沙:湖南人民出版社,1983
    341页;19cm
    
    
    ISBN :CNY1.15
    
●
相关链接 在E读中查询图书 在五车中查询图书 在当当中查询图书 在豆瓣中查询图书


正题名:辛亥革命史料选辑     索取号:K257.06/26:3         预约/预借

序号 登录号 条形码 馆藏地/架位号 状态 备注
1 0177935   001465854   第二借阅区/ [索取号:K257.06/26:3] 在馆    
2 0177936   001292504   第二借阅区/ [索取号:K257.06/26:3] 在馆    
3 0177937   001292498   第二样本阅览室/ [索取号:K257.06/26:3] 在馆    
4 0422780   204227808   密集书库/ [索取号:K257.06/26:3] 在馆    
5 0436310   204363107   密集书库/ [索取号:K257.06/26:3] 在馆    
唐山师范学院图书馆 欢迎您!
大连网信软件有限公司© 版权所有